000 00543nam a2200181Ia 4500
008 100917s9999 xx 000 0 und d
082 _b15041
100 _aखांडेकर वि. स.
245 _aदत्तक व इतर गोष्टी
260 _b---
_c1934
300 _a142
365 _b0.75
520 _aकादंबरी
630 _aदत्तक व इतर गोष्टी
650 _aकादंबरी
730 _aदत्तक व इतर गोष्टी
942 _cBOOK
999 _c620435
_d620432